Public policy: (Record no. 6474)

MARC details
000 -LEADER
fixed length control field 00683nam a22002297i 4500
003 - CONTROL NUMBER IDENTIFIER
control field URS
005 - DATE AND TIME OF LATEST TRANSACTION
control field 20220114152358.0
008 - FIXED-LENGTH DATA ELEMENTS--GENERAL INFORMATION
fixed length control field 160314b xxu||||| |||| 00| 0 eng d
020 ## - INTERNATIONAL STANDARD BOOK NUMBER
International Standard Book Number 9788120344389
040 ## - CATALOGING SOURCE
Description conventions rda
Transcribing agency URSP-College Library
Language of cataloging eng
050 ## - LIBRARY OF CONGRESS CALL NUMBER
Classification number H97
Item number Sa6p 2011
100 1# - MAIN ENTRY--PERSONAL NAME
Personal name Sapru, R.K.
245 ## - TITLE STATEMENT
Title Public policy:
Remainder of title art & craft of policy analysis.
Statement of responsibility, etc. R.K.Sapru
264 ## - PRODUCTION, PUBLICATION, DISTRIBUTION, MANUFACTURE, AND COPYRIGHT NOTICE
Place of production, publication, distribution, manufacture New Delhi
Name of producer, publisher, distributor, manufacturer Asoko K. and Chosh
Date of production, publication, distribution, manufacture, or copyright notice 2011
300 ## - PHYSICAL DESCRIPTION
Extent xix, 368 pages:
Other physical details colour illustration;
Dimensions 21 cm
336 ## - CONTENT TYPE
Content type term text
Content type code txt
Source rdacontent
337 ## - MEDIA TYPE
Media type term unmediated
Media type code n
Source rdamedia
338 ## - CARRIER TYPE
Carrier type term volume
Carrier type code nc
Source rdacarrier
500 ## - GENERAL NOTE
General note Includes index
650 #0 - SUBJECT ADDED ENTRY--TOPICAL TERM
Topical term or geographic name entry element Political planning.
942 ## - ADDED ENTRY ELEMENTS (KOHA)
Source of classification or shelving scheme Library of Congress Classification
Koha item type Foreign Books
Holdings
Withdrawn status Source of classification or shelving scheme Damaged status Not for loan Collection code Home library Current library Shelving location Date acquired Source of acquisition Total Checkouts Full call number Barcode Date last seen Price effective from Koha item type
  Library of Congress Classification     Non-fiction Pililla College Library Pililla College Library General Stacks 03/14/2016 purchased   320.6 Sa6p 2011 URSPIL-3777 05/31/2019 03/14/2016 Foreign Books

University of Rizal System
Email us at univlibservices@urs.edu.ph

Visit our Website www.urs.edu.ph/library